| 000 | 01639nam a2200217Ia 4500 | ||
|---|---|---|---|
| 999 |
_c30293 _d30293 |
||
| 003 | OSt | ||
| 005 | 20210529083331.0 | ||
| 008 | 160316s2011 xxu||||| |||| 00| 0 eng d | ||
| 020 | _a9780415598378 | ||
| 040 | _cNLS | ||
| 082 | _a343.09 BLO | ||
| 100 | _aBlomley Nicholas | ||
| 245 | _aRights of passage : Sidewalks and the regulation of public flow | ||
| 260 |
_aLondon _bRoutledge _c2011 |
||
| 300 |
_a129p _cix |
||
| 365 | _b Rs. 2,115 | ||
| 505 | _aTable of Contents: 1. Pedestrianism Pedestrianism and Police. Pedestrianism, People and Things. Pedestrianism and Social Justice. Overview of Contents; 2. Civic Humanism and the Sidewalk The Sidewalk as Political Space. The Sidewalk as Civic Space. The Sidewalk as Walking Space; 3. Thinking Like an Engineer Administrative Pedestrianism. Pervasive Pedestrianism. The Taken for Granted; 4. Producing and Policing the Sidewalk Sidewalk Law; Obstruction and Encroachments. Other Sidewalk Rationalities; 5. The History of Pedestrianism The Invention of the Sidewalk. The Reformist Sidewalk. Administrative Pedestrianism at Work. The Public Sidewalk. The Incomplete Sidewalk; 6. Judicial Pedestrianism Introduction. The Public Highway; 7. Obstructions of Justice? Speech, Protest and Circulation. Sidewalks, the Homeless, and Judicial Pedestrianism. Things and Bodies; 8. Taking a Constitutional: Circulation, Begging, and the Mobile Self Introduction; Political Pedestrianism. Conclusions 9. Hidden in Plain View. | ||
| 650 | _a1. Padestrrains - Legal Status - Social Aspects2. Sidewalks - Law & Legislation | ||
| 700 |
_a _a |
||
| 942 |
_2ddc _cBK |
||